<?xml version="1.0" encoding="UTF-8"?>
<record
    xmlns:xsi="http://www.w3.org/2001/XMLSchema-instance"
    xsi:schemaLocation="http://www.loc.gov/MARC21/slim http://www.loc.gov/standards/marcxml/schema/MARC21slim.xsd"
    xmlns="http://www.loc.gov/MARC21/slim">

  <leader>00846nam a22002177a 4500</leader>
  <controlfield tag="005">20230503153841.0</controlfield>
  <controlfield tag="008">211022b           ||||| |||| 00| 0 eng d</controlfield>
  <datafield tag="040" ind1=" " ind2=" ">
    <subfield code="c">AL</subfield>
  </datafield>
  <datafield tag="041" ind1=" " ind2=" ">
    <subfield code="a">kan</subfield>
  </datafield>
  <datafield tag="082" ind1=" " ind2=" ">
    <subfield code="2">23</subfield>
    <subfield code="a">T894.1</subfield>
    <subfield code="b">CHIK</subfield>
  </datafield>
  <datafield tag="100" ind1=" " ind2=" ">
    <subfield code="a">K Chinnappa Gowda: &#xC95;&#xCC6;  &#xC9A;&#xCBF;&#xCA8;&#xCCD;&#xCA8;&#xCAA;&#xCCD;&#xCAA; &#xC97;&#xCCC;&#xCA1; </subfield>
    <subfield code="9">1576</subfield>
  </datafield>
  <datafield tag="245" ind1=" " ind2=" ">
    <subfield code="a">Kelepu Perade Kelepu: &#xC95;&#xCC6;&#xCB2;&#xCC6;&#xCAA;&#xCC1;  &#xCAA;&#xCC6;&#xCB0;&#xCA1;&#xCC6; &#xC95;&#xCC6;&#xCB2;&#xCC6;&#xCAA;&#xCC1; </subfield>
  </datafield>
  <datafield tag="260" ind1=" " ind2=" ">
    <subfield code="a">Asaigoli</subfield>
    <subfield code="b">Madipu Prakashana</subfield>
    <subfield code="c">2020</subfield>
  </datafield>
  <datafield tag="300" ind1=" " ind2=" ">
    <subfield code="a">96 p.</subfield>
    <subfield code="b">PB</subfield>
    <subfield code="c">18x12 cm</subfield>
  </datafield>
  <datafield tag="365" ind1=" " ind2=" ">
    <subfield code="a">0104</subfield>
    <subfield code="b">76.50</subfield>
    <subfield code="c">&#x20B9;</subfield>
    <subfield code="d">90.00</subfield>
    <subfield code="e">15%</subfield>
    <subfield code="f">11-10-2021</subfield>
  </datafield>
  <datafield tag="650" ind1=" " ind2=" ">
    <subfield code="a">Tulu Poetry: &#xCA4;&#xCC1;&#xCB3;&#xCC1; &#xC95;&#xCB5;&#xCA8; </subfield>
    <subfield code="9">1577</subfield>
  </datafield>
  <datafield tag="650" ind1=" " ind2=" ">
    <subfield code="a">Tulu Literature: &#xCA4;&#xCC1;&#xCB3;&#xCC1; &#xCB8;&#xCBE;&#xCB9;&#xCBF;&#xCA4;&#xCCD;&#xCAF; </subfield>
    <subfield code="9">1578</subfield>
  </datafield>
  <datafield tag="650" ind1=" " ind2=" ">
    <subfield code="a">Kavana Sankalana: &#xC95;&#xCB5;&#xCA8; &#xCB8;&#xC82;&#xC95;&#xCB2;&#xCA8; </subfield>
    <subfield code="9">1579</subfield>
  </datafield>
  <datafield tag="700" ind1=" " ind2=" ">
    <subfield code="a">GOWDA (K Chinnappa);  &#xC97;&#xCCC;&#xCA1; (&#xC95;&#xCC6; &#xC9A;&#xCBF;&#xCA8;&#xCCD;&#xCA8;&#xCAA;&#xCCD;&#xCAA;)</subfield>
    <subfield code="9">1580</subfield>
  </datafield>
  <datafield tag="942" ind1=" " ind2=" ">
    <subfield code="2">ddc</subfield>
    <subfield code="c">BK</subfield>
  </datafield>
  <datafield tag="999" ind1=" " ind2=" ">
    <subfield code="c">216652</subfield>
    <subfield code="d">216652</subfield>
  </datafield>
  <datafield tag="952" ind1=" " ind2=" ">
    <subfield code="0">0</subfield>
    <subfield code="1">0</subfield>
    <subfield code="4">0</subfield>
    <subfield code="7">0</subfield>
    <subfield code="8">Tulu</subfield>
    <subfield code="a">AL</subfield>
    <subfield code="b">AL</subfield>
    <subfield code="d">2021-02-08</subfield>
    <subfield code="e">Akrati Ashaya Publications, Mangaluru-575001 | General Annual</subfield>
    <subfield code="g">90.00</subfield>
    <subfield code="l">0</subfield>
    <subfield code="o">T894.1 GOWK</subfield>
    <subfield code="p">074549</subfield>
    <subfield code="r">2021-07-19 00:00:00</subfield>
    <subfield code="v">76.50</subfield>
    <subfield code="w">2021-07-19</subfield>
    <subfield code="y">BK</subfield>
  </datafield>
  <datafield tag="952" ind1=" " ind2=" ">
    <subfield code="0">0</subfield>
    <subfield code="1">0</subfield>
    <subfield code="2">ddc</subfield>
    <subfield code="4">0</subfield>
    <subfield code="7">0</subfield>
    <subfield code="8">KAN</subfield>
    <subfield code="a">AL</subfield>
    <subfield code="b">AL</subfield>
    <subfield code="d">2021-10-21</subfield>
    <subfield code="e">Dr K Chinnappa Gowda, Asaigoli, Mangaluru-574199</subfield>
    <subfield code="g">76.50</subfield>
    <subfield code="l">0</subfield>
    <subfield code="o">T894.1 CHIK</subfield>
    <subfield code="p">075050</subfield>
    <subfield code="r">2021-10-22 00:00:00</subfield>
    <subfield code="v">90.00</subfield>
    <subfield code="w">2021-10-22</subfield>
    <subfield code="y">BK</subfield>
  </datafield>
  <datafield tag="952" ind1=" " ind2=" ">
    <subfield code="0">0</subfield>
    <subfield code="1">0</subfield>
    <subfield code="2">ddc</subfield>
    <subfield code="4">0</subfield>
    <subfield code="7">0</subfield>
    <subfield code="8">KAN</subfield>
    <subfield code="a">AL</subfield>
    <subfield code="b">AL</subfield>
    <subfield code="d">2021-10-21</subfield>
    <subfield code="e">Dr K Chinnappa Gowda, Asaigoli, Mangaluru-574199</subfield>
    <subfield code="g">76.50</subfield>
    <subfield code="l">0</subfield>
    <subfield code="o">T894.1 CHIK</subfield>
    <subfield code="p">075051</subfield>
    <subfield code="r">2021-10-22 00:00:00</subfield>
    <subfield code="v">90.00</subfield>
    <subfield code="w">2021-10-22</subfield>
    <subfield code="y">BK</subfield>
  </datafield>
</record>
